Provinces of Afghanistan (With a Map) - Statistics

General Stats
  • This quiz has been taken 11,528 times
  • The average score is 16 of 34
Answers on the Map
Answers color-coded by a green-red scale on the quiz's map according to % correct below.
 
Answer Stats
Area (km²) Province % Correct
4,462 Kabul
94%
54,022 Kandahar
77%
54,778 Herat
76%
58,584 Helmand
60%
44,059 Badakhshan
54%
48,471 Farah
52%
17,249 Balkh
51%
17,343 Zabul
51%
14,175 Bamyan
49%
22,915 Ghazni
49%
36,479 Ghor
49%
8,040 Kunduz
48%
9,225 Nuristan
48%
41,005 Nimruz
47%
6,432 Paktia
47%
19,482 Paktika
47%
4,152 Khost
45%
3,610 Panjshir
45%
3,880 Logar
41%
16,360 Sar-e Pol
41%
20,293 Faryab
40%
4,942 Kunar
40%
7,727 Nangarhar
40%
20,591 Badghis
39%
21,118 Baghlan
39%
1,842 Kapisa
38%
9,934 Maidan Wardak
38%
18,088 Daykundi
37%
11,798 Jowzjan
37%
3,843 Laghman
37%
5,974 Parwan
37%
12,333 Takhar
37%
12,696 Urozgan
37%
11,262 Samangan
35%
No matching quizzes found
Score Distribution
Percent of People with Each Score
Percentile by Number Answered
Your Score History
You have not taken this quiz